00533nam a2200193Ia 4500003000900000008004100009020001800050040001600068080001200084100001900096245006500115250001200180260003900192300001400231650001400245650004100259650001700300700002200317IN-BaIIA211028s9999 xx 000 0 eng d a0-7167-1043-9 cIIA Library a52bBRA aBrandt, John C 0aNew horizons in astronomycJohn C Brandt and Stephen P Maran a2nd ed. aSan FranciscobW. H. Freemanc1979 axv, 614p. aAstronomy aAstronomy and astrophysics thesaurus aAstrophysics aMaran, Stephen P.